000 01117nam0a22002891 4500
001 rc\4087653
005 20250611084527.0
021 _aRU
_b[46-9067]
035 _a(NLR Aleph) 008130001
090 _a9417721
_c9417721
100 _a20130415d1946 |||y0rusy50 ca
101 0 _arus
102 _aRU
105 _aab z |||||
200 1 _aОбщедоступная практическая астрономия
210 _aМосква
_aЛенинград
_cГостехиздат
_d1946
_g16-я тип. треста "Полиграфкнига" в М.
215 _a96 с., 2 л. карт.
_cил.
_d20
300 _aПеред загл. автор: проф. П.И. Попов
320 _aЛитература: с. 86 (11 назв.)
606 _aАстрономия практическая
_2psbo
700 1 _aПопов
_bП. И.
_cканд. физ.-мат.наук, астрономия
_f1881-1969
_gПавел Иванович
_9235866
_3RU\NLR\AUTH\770235922
801 0 _aRU
_bNLR
_gpsbo
801 1 _aRU
_bELAR
_2rusmarc
852 _aNLR
_jА02 Г-4/61
942 _cBOOK
980 _aNB